Textes mystiques d'orient et d'occident [tomo ii] /

Guardado en:
Autor Principal: Lemaitre, Solange
Formato: Libro
Publicado: Paris : Plon, 1955
Materias:
Etiquetas: Agregar Etiqueta
Sin Etiquetas, Sea el primero en etiquetar este registro!
LEADER 00465nam a22001455a 4500
001 EHU.bham016513
003 AR-BHAM
005 20100507162633.0
008 130507s1955##################000#0#####d
082 2 4 |a 248.2 
100 1 |a Lemaitre, Solange 
245 1 0 |a Textes mystiques d'orient et d'occident [tomo ii] /  |c Solange Lemaitre 
260 |a Paris :  |b Plon,  |c 1955 
653 |a Misticismo religioso 
859 |a AR-BHAM  |b BIB. HUMANIDADES - Arturo Marasso  |h 248.2  |i L54  |p 29.57  |t Ej.1  |v II M  |3 II